000 00555nam a2200205Ii 4500
003 JO-AjNU
008 230606s9999||||xx |||||||||||||| ||und||
020 _a0-205-46440-8
040 _aJO-AjNU
_beng
_erda
_cJO-AjNU
041 _aeng
050 1 4 _aKE2114.2007
100 3 _aConklin ،John E ,
_eauthor
_91689
245 0 0 _aCriminology
264 3 1 _aNew York : Pearson ، 2007
300 _a516p
336 _atext
_btxt
_2rdacontent
337 _aunmediated
_bn
_2rdamedia
338 _avolume
_bnc
_2rdacarrier
650 4 _aCriminology -- Crime
_91690
999 _aE889
_c889
_d889